00657nam a22002177a 450000500170000001000130001702000230003003500130005303700160006604000120008208200160009410000190011024500680012925000110019726000600020827000470026830000330031550000190034865000370036765000350040420170124110145.0 aB-107984 c225.00a8120323602 aB-107984 bCen Lib/Ret aDPLbEN a621.38bBEL aBell, David A. aElectronic instrumentation and measurements /cby David A. Bell a2nd ed bPrentice Hall of India Private LimitedaNew Delhic1997 aM-97, Connaught Circus bNew Delhie110001 axi, 451p. :c24cm(pbk)bill. aIncludes index aInstruments of electromechanical aGraphic recordings instruments